000 00705nam a2200133Ia 4500
008 090711s9999 xx 000 0 und d
082 _b78935
245 _aश्री समर्थ आण्णांSाी अध्यात्मिक प्रवSाने भा. 1
260 _bश्री गुरु देव रानडे समाधी विश्वस्थ मंडळ
_c1988
300 _a70
630 _aश्री समर्थ आण्णांSाी अध्यात्मिक प्रवSाने भा. 1
730 _aश्री समर्थ आण्णांSाी अध्यात्मिक प्रवSाने भा. 1
942 _cBOOK
999 _c290871
_d290871